Quizzes
Events
Quiz Creation
Community
Videos
Private Events
Remove Ads
Sign In
Join for FREE
Feedback
Dark Mode
Quiz Categories
Sports
Geography
Music
Movies
Television
Just For Fun
Miscellaneous
History
Literature
Language
Science
Gaming
Entertainment
Religion
Holiday
For Kids
Quiz Lab
Recent
Popular Today
Quiz Kudos Today
Editor Picks
Curator Picks
Quizzes by...
Day
Popularity
Type
Ratings
Length
Year
Community
Subscriptions
Recent Discussions
Orange Saloon
Badges
Playlists
Quests
Create
Leaderboards
Showdown
Live 5
Trivia Bingo
Activity
Puzzle Library
Sporcle Events
Private Events
Virtual Trivia
Globe League
Become a Host
Pub Owners
SporcleCon
Opinionation
Our Games
Videos
Blog
Mobile Apps
Partnerships
Remove Ads and Go Orange
Feedback
Movies
Disney
Marvel Cinematic Universe
Movie Resume
Movie Titles
Oscar
Actor
Actress
Director
Pixar
Role
Movie Quotes
Movie Characters
Box Office
Nominee
Best Picture
Star Wars
James Bond
Horror Movies
Movies
Disney
Marvel Cinematic Universe
Movie Resume
Movie Titles
Oscar
Actor
Actress
Director
Pixar
Role
Movie Quotes
Movie Characters
Box Office
Nominee
Best Picture
Star Wars
James Bond
Horror Movies
Random Quiz
Search Sporcle
×
Quiz Lab
Quiz Lab
Movies
Box Office
Type in answers that appear in a list
Type in answers that appear in a list
Classic
Best Score? Go Orange.
Top Box Office Grossing Stars of All Time Stats
Can you name the Top Box Office Stars of All Time?
By
cubconn
7m
15 Questions
672 Plays
672 Plays
672 Plays
Comments
Comments
Give Quiz Kudos
Give Quiz Kudos
-
- Ratings
hide this ad
More Info
Replay
Link that replays current quiz
Next Quiz
Link to next quiz in quiz playlist
You Got
0%
They Got
Avg Score
62%
Avg Friend Score
Upgrade to see
Score Distribution
Jump to the score distribution portion of the page
Score
0/15
Timer
07:00
0
Plays Today
Hint
Actor
% Correct
3. Multiple Oscars, 43 movies averaging $102M
Tom Hanks
97.3%
2. Loud, over the top, 82 movies averaging$59M
Samuel L. Jackson
89.6%
8. Voice over, some acting, name like Guardian _
_
_
_
28 movies averaging $118M
Jack Angel
82.7%
10. Comedic and dramatic actor, 57 movies averaging $57M
Robin Williams
78.3%
6. Action hero, dramatic actor, 39 movies averaging $94M
Harrison Ford
77.7%
7. Action, drama, some comedic, 35 movies averaging $96M
Tom Cruise
74%
12. Bartender turned movie star, 62 movies averaging $52M
Bruce Willis
72%
9. Dramatic oscar award winning, 51 movies averaging $64M
Morgan Freeman
67.6%
Hint
Actor
% Correct
15. Small/
bit parts, co-
creater of several Marvel Comics, full name like first name _
_
_
_
_
_
Tucci, 15 movies averaging $192M
Stan Lee
62.8%
5. Comedic laugh, 36 movies averaging $103M
Eddie Murphy
57.3%
11. Dramatic acting legend, 47 movies averaging $69M
James Earl Jones
56.3%
13. First name is surname of Dionne _
_
_
_
_
_
Surname same as Miles _
_
_
_
, 17 movies averaging $180M
Warwick Davis
53.3%
4. Famous postal employee character, 31 movies averaging $120M
John Ratzenberger
35.7%
1. Mostly voice overs, little known, rhymes w/
Tank Melker, 93 movies averaging $61M
Frank Welker
25.7%
14. Voice over, surname same as former girlfriend of Marilyn Manson, 25 movies averaging $120M
Mickie McGowan
12.2%
Quiz Playlist
Details
Report
Send in Message
Add To Playlist
More Info:
There's money to be made in voice over acting, and then some.
Classic:
Type in answers that appear in a list
Quiz Source
Last Updated: Feb 16, 2017
Quiz Scoreboard
CHALLENGE
Sign Up to Join the Scoreboard
Show All
Scores
Hide
Comments
May contain spoilers
Recently Published
Billboard Blitz: Fleetwood Mac
by CooCooCachoo
Music
15s
Presidents Visiting Landmarks
by Hejman
History
7m
An Introduction to Baseball
by treessimontrees
Sports
5m
More to Explore
Quiz From the Vault
Featured Blog Post
Where Did the Easter Bunny Come From?
hide this ad
You Might Also Like...
Tags
Actor Quiz
Box Office Quiz
Highest Grossing
Top-billed
Top-Earning
Today's Top Quizzes in Movies
Browse Movies
hide this ad
Today's Top Quizzes in Box Office
Browse Box Office
Top Contributed Quizzes in Movies
1
Pick 5 Posters: Directed by Spielberg
2
7-to-1: Pixar Characters
3
Pick 5 Posters: Lowest-Rated Spielberg
4
Sorting Actors
5
Pick 5 Posters: Directed by Scorsese
6
Sorting Actresses
7
Pick 5 Posters: Star & Director
8
Pick 5 Posters: Women Directed 2020s
9
12 Movies about Fictional 1960s Events
10
Multi-Oscar Nominations, One Movie, One Winner
Explore More
Trending Topics
Disney
Anime
NBA
Marvel
Kpop
Harry Potter
Crossword
The Office
WWE
Country
Song
Soccer
Pokémon
NFL
Puzzle
hide this ad
More By:
cubconn
Quiz
Plays
Rating
Category
Featured
Created
Top Box Office Grossing Stars of All Time
672
2.56
Movies
Dec 4, 2010
All Time NCAA Football Best Win Pct
253
4.67
Sports
Dec 9, 2010
Greatest NFL Triplets
252
2.86
Sports
Nov 23, 2010
All Time NCAA Basketball Best Win Pct
203
3.33
Sports
Dec 11, 2010
Movies w/Best Return on Investment
160
4.00
Movies
Dec 4, 2010
Go to Creator's Profile
Score Distribution
Quiz Creator Spotlight
cubconn
Follow
Send a Message
Quizzes Created
-
Created Quiz Play Count
-
More By This Creator
Popular Quizzes Today
1
Find the US States - No Outlines Minefield
2
Find the Countries of Europe - No Outlines Minefield
3
The Countries of the World
4
Find the US States
5
Risky Map Clicking: Biggest States A-Z
6
US States
7
Popular People in 1961
8
Movies - When Are They Set?
More Movies Quizzes
Tom Hanks Movies by Image
Published
Trending Quizzes
Risky Map Clicking: Least Populous States A-Z
1-10 Letter G Words
1-10 Letter F Words
Risky Map Clicking: Next State Alphabetically
Risky Map Clicking: Biggest States A-Z
Recently Updated
Leaping Animals
pecheneg
Reality TV Shows (A-Z)
bhenderson79
Rickey Henderson's Hall of Fame Teammates
pecheneg
Champions League XIs: Arsenal
pecheneg
Quick Pick: Celebrities in WWE's Hall of Fame
aduchscher
A-Z Keypad Blitz II
pecheneg
Multiple Oscar Actors
pecheneg
Mystery Phrase Blitz: Oscar 'Best Actors'
pecheneg
F. Scott Fitzgerald Novels
LTH
Pick 3 Villains
ddd62291
Trending Topics
Anime
Marvel
Kpop
Crossword
Disney
Harry Potter
NBA
Song
WWE
The Office
Pokémon
Soccer
Puzzle
NFL
Country
Your Account Isn't Verified!
In order to create a playlist on Sporcle, you need to verify the email address you used during registration. Go to your
Sporcle Settings
to finish the process.
Report this User
Report this user for behavior that violates our
Community Guidelines
.
Details:
Send Report
Go to the Sporcle.com Mobile Site →
Comments